| 000 | 00318nam a2200109 4500 | ||
|---|---|---|---|
| 999 |
_c10541 _d10541 |
||
| 008 | 180905b ||||| |||| 00| 0 eng d | ||
| 245 | _aNetwork security in the era of millennials. | ||
| 260 |
_aPhilippines _bManila Bulletin _cc2017 |
||
| 300 | _apage B-8. | ||
| 650 | 0 |
_930911 _aInformation technology. |
|
| 942 |
_2ddc _cPER |
||